R&D challenges of NR producing countries (Record no. 48384)

MARC details
000 -LEADER
fixed length control field 00325nam a2200121Ia 4500
100 ## - MAIN ENTRY--AUTHOR NAME
Personal name George K T
245 #0 - TITLE STATEMENT
Title R&D challenges of NR producing countries
260 ## - PUBLICATION, DISTRIBUTION, ETC. (IMPRINT)
Name of publisher Rubber Asia 20th Anniversary Issue
300 ## - PHYSICAL DESCRIPTION
Number of Pages 125-128
650 ## - SUBJECT ADDED ENTRY--TOPICAL TERM
Topical Term NR producing countries
942 ## - ADDED ENTRY ELEMENTS (KOHA)
Koha item type Bibliography STAF
Holdings
Withdrawn status Lost status Damaged status Not for loan Home library Current library Shelving location Date acquired Koha item type
      Bibliography RRII Library RRII Library Agricultural economics 09/04/2014 Bibliography STAF